Click the Country - North America - Statistics

General Stats
  • This quiz has been taken 689 times
  • The average score is 14 of 23
Answer Stats
Hint Answer % Correct
Is the home country of Usain Bolt Jamaica
88%
Has the world's longest coastline Canada
85%
Its name translates to "Ancient" and "Bearded" Antigua and Barbuda
84%
Declared independence in 1776 United States
84%
Was devastated by an earthquake in 2010 Haiti
82%
Is the largest Caribbean island nation Cuba
81%
Its capital city is built on the ruins of Tenochtitlan Mexico
75%
Is approximately 10 miles from Venezuela Trinidad and Tobago
71%
Its capital was called Ciudad Trujillo from 1931 to 1961 Dominican Republic
70%
Belmopan became its capital in 1970 Belize
67%
Was the first country to abolish its military Costa Rica
61%
Has a large freshwater lake infested with sharks Nicaragua
57%
Bitcoin and the US dollar are the official currencies El Salvador
54%
Was invaded by the United States in 1983 Grenada
54%
Roseau is its capital Dominica
53%
Is home to the ancient city of Tikal Guatemala
51%
Is the easternmost Caribbean island nation Barbados
50%
San Pedro Sula is the country's second largest city Honduras
40%
Has the largest merchant fleet of any country Panama
40%
Has the smallest population of a Caribbean country Saint Kitts and Nevis
39%
Has the most Nobel Prizes per capita Saint Lucia
37%
Its capital and largest settlement is Kingstown Saint Vincent and the Grenadines
36%
Has the most Olympic gold medals per capita Bahamas
26%
No matching quizzes found
Score Distribution
Percent of People with Each Score
Percentile by Number Answered
Your Score History
You have not taken this quiz